Largest Solar System Objects by Type - Statistics

General Stats
  • This quiz has been taken 23 times
  • The average score is 57 of 112
Answer Stats
% Correct
Planets 12,742 Earth
100%
Planets 6,779 Mars
100%
Planets 4,879 Mercury
100%
Star + Inner Moons 3475 Moon
100%
Kuiper Belt Objects 2377 Pluto
100%
Planets 50,724 Uranus
100%
Planets 12,104 Venus
100%
Outer Main-Belt Asteroids 319 52 Europa
89%
Moons of Jupiter 3122 Europa
89%
Moons of Jupiter 5268 Ganymede
89%
Moons of Jupiter 3643 Io
89%
Planets 139,822 Jupiter
89%
Planets 49,244 Neptune
89%
Planets 116,464 Saturn
89%
Star + Inner Moons 1.39 M Sun
89%
Moons of Saturn 5149 Titan
89%
Middle Main-Belt Asteroids 939 1 Ceres
78%
Moons of Jupiter 4821 Callisto
78%
Star + Inner Moons 13 Deimos
78%
Other TNOs 2326 Eris
78%
Kuiper Belt Objects 1430 Makemake
78%
Star + Inner Moons 22 Phobos
78%
Moons of Saturn 1528 Rhea
78%
Moons of Uranus 1577 Titania
78%
Inner Main-Belt Asteroids 525 4 Vesta
67%
Inner Main-Belt Asteroids 173 9 Metis
67%
Moons of Uranus 1158 Ariel
67%
Moons of Saturn 1123 Dione
67%
Moons of Saturn 504 Enceladus
67%
Kuiper Belt Objects 1596 Haumea
67%
Moons of Saturn 396 Mimas
67%
Moons of Uranus 472 Miranda
67%
Moons of Uranus 1523 Oberon
67%
Moons of Uranus 162 Puck
67%
Other TNOs 906 Sedna
67%
Moons of Neptune 2705 Triton
67%
Outer Main-Belt Asteroids 433 10 Hygiea
56%
Middle Main-Belt Asteroids 511 2 Pallas
56%
Jupiter Trojans 119 3317 Paris
56%
Outer Main-Belt Asteroids 298 511 Davida
56%
Moons of Jupiter 167 Amalthea
56%
Kuiper Belt Objects 768 Aya
56%
Kuiper Belt Objects 1212 Charon
56%
Other TNOs 1230 Gonggong
56%
Moons of Saturn 270 Hyperion
56%
Moons of Saturn 1469 Iapetus
56%
Moons of Saturn 179 Janus
56%
Moons of Uranus 94 Juliet
56%
Moons of Neptune 357 Nereid
56%
Moons of Neptune 60 Neso
56%
Kuiper Belt Objects 910 Orcus
56%
Moons of Saturn 213 Phoebe
56%
Moons of Neptune 420 Proteus
56%
Kuiper Belt Objects 1090 Quaoar
56%
Kuiper Belt Objects 838 Salacia
56%
Moons of Saturn 1062 Tethys
56%
Moons of Jupiter 99 Thebe
56%
Moons of Uranus 1169 Umbriel
56%
Jupiter Trojans 115 1143 Odysseus
44%
Middle Main-Belt Asteroids 270 15 Eunomia
44%
Middle Main-Belt Asteroids 254 3 Juno
44%
Jupiter Trojans 130 588 Achilles
44%
Jupiter Trojans 225 624 Hektor
44%
Outer Main-Belt Asteroids 332 704 Interamnia
44%
Jupiter Trojans 131 911 Agamemnon
44%
Kuiper Belt Objects 772 Achlys
44%
Other TNOs 742 Chiminigagua
44%
Moons of Neptune 175 Galatea
44%
Moons of Neptune 194 Larissa
44%
Kuiper Belt Objects 796 Máni
44%
Moons of Neptune 81 Thalassa
44%
Outer Main-Belt Asteroids 223 16 Psyche
33%
Inner Main-Belt Asteroids 211 19 Fortuna
33%
Other TNOs 635 2014 UZ224
33%
Outer Main-Belt Asteroids 268 31 Euphrosyne
33%
Jupiter Trojans 126 3451 Mentor
33%
Middle Main-Belt Asteroids 187 41 Daphne
33%
Jupiter Trojans 140 617 Patroclus
33%
Outer Main-Belt Asteroids 263 65 Cybele
33%
Inner Main-Belt Asteroids 195 6 Hebe
33%
Inner Main-Belt Asteroids 199 7 Iris
33%
Outer Main-Belt Asteroids 271 87 Sylvia
33%
Middle Main-Belt Asteroids 218 88 Thisbe
33%
Moons of Uranus 90 Belinda
33%
Moons of Jupiter 47 Carme
33%
Moons of Neptune 156 Despina
33%
Moons of Jupiter 140 Himalia
33%
Moons of Neptune 60 Naiad
33%
Moons of Uranus 135 Portia
33%
Moons of Uranus 157 Sycorax
33%
Outer Main-Belt Asteroids 254 107 Camilla
22%
Middle Main-Belt Asteroids 202 13 Egeria
22%
Other TNOs 619 2008 OG19
22%
Middle Main-Belt Asteroids 204 29 Amphitrite
22%
Middle Main-Belt Asteroids 227 324 Bamberga
22%
Outer Main-Belt Asteroids 254 451 Patientia
22%
Middle Main-Belt Asteroids 188 45 Eugenia
22%
Inner Main-Belt Asteroids 147 8 Flora
22%
Moons of Jupiter 80 Elara
22%
Other TNOs 642 Gǃkúnǁʼhòmdímà
22%
Moons of Neptune 62 Halimede
22%
Moons of Jupiter 58 Pasiphae
22%
Other TNOs 644 Rumina
22%
Jupiter Trojans 118 1172 Äneas
11%
Inner Main-Belt Asteroids 143 11 Parthenope
11%
Jupiter Trojans 118 1437 Diomedes
11%
Jupiter Trojans 118 1867 Deiphobus
11%
Inner Main-Belt Asteroids 140 18 Melpomene
11%
Other TNOs 750 2010 JO179
11%
Other TNOs 700 2017 OF201
11%
Inner Main-Belt Asteroids 136 20 Massalia
11%
Inner Main-Belt Asteroids 138 51 Nemausa
11%
No matching quizzes found
Score Distribution
Percent of People with Each Score
Percentile by Number Answered
Your Score History
You have not taken this quiz